La pensée religieuse du Jeune Hegel liberté et aliénation

Guardat en:
Dades bibliogràfiques
Autor principal: Asveld, Paul (Autor)
Format: Llibre
Idioma:francès
Publicat: Lovaina Universitaires de Louvain 1953
Col·lecció:Bibliothèque Philosophique de Louvain
Matèries:
Etiquetes: Afegir etiqueta
Sense etiquetes, Sigues el primer a etiquetar aquest registre!

MARC

LEADER 00000nam a2200000 a 4500
001 UCZ5325
003 CL-VaPUC
005 20230421074440.0
008 951117e19530000BE |||||||||||||||||fre|d
999 |c 241644  |d 241642 
040 |c Pontificia Universidad Católica de Valparaíso 
082 0 4 |a 201  |b ASV  |2 21 
100 0 |a Asveld, Paul  |e author  |9 349272 
245 1 3 |a La pensée religieuse du Jeune Hegel liberté et aliénation 
260 |a Lovaina  |b Universitaires de Louvain  |c 1953 
300 |a 244 p 
490 0 |a Bibliothèque Philosophique de Louvain 
583 |a last modification  |c 19951117 00:00:00  |k Rodrigo Vera 
600 0 |a Hegel, Georg Wilhelm Friedrich  |d 1770-1831  |9 860268 
650 0 |a Filosofía cristiana   |9 265980 
650 0 |a Religión   |9 255164 
650 0 |a Libre albedrío  |9 334583 
650 0 |a Ética  |9 255099 
650 0 |a Amor  |9 257817 
650 0 |a Positivismo  |9 269460 
650 0 |a Filosofía alemana   |9 265002 
942 |c BK  |2 ddc 
945 |d 19951117 00:00:00  |a lriquelm 
952 |0 0  |1 0  |4 0  |6 201_000000000000000_ASV_1953  |7 0  |8 P  |9 254024  |a BIBEDU  |b BIBEDU  |c BIBEDU_PB  |d 2019-11-19  |i 1571532  |o 201 ASV 1953  |p 1571532  |r 2024-01-25  |w 2019-11-19  |y BK  |k FIL